000 01252cam a2200277 4500
008 090401t1998 xxu||||| |||| 00| 0 eng d
020 _a0854069062
035 _a(Sirsi) u86748
041 0 _aeng
050 0 4 _a630.026 $2 18
110 2 _aRoyal Institution of Chartered Surveyors
_bFarm Business Tenancies Monitoring Group
_94515
245 0 0 _aAgricultural Tenancies Act 1995
_bsupplementary guidance note
_h[electronic resource]
260 _aLondon
_bRICS
_c1998
300 _a53p.
_c30cm.
350 _a16
490 0 _aRICS Guidance Note
520 _aUpdates "Guidance note on the 1995 Agricultural Tenancies Act" (ISBN 0854066926) dealing with subsequent developments following the introduction of the Act.
520 _aUnder review 1 August 2006
650 2 4 _aAGRICULTURAL TENANCIES ACT 1995
650 2 4 _aINTEGRATED ADMINISTRATION AND CONTROL SYSTEM
651 4 _aEngland and Wales
_y1543-
690 _aPROPERTY-LEASEHOLD PROPERTY-LANDLORD AND TENANT-TENANCIES-AGRICULTURAL TENANCIES
856 4 1 _uhttps://www.rics.org/profession-standards/knowledge-and-information-services/document-delivery-and-other-kis-fees.html
_zEmail [email protected] for a copy (fees apply to non-members)
942 _n0
_2ddc
948 _c10/06/1998
999 _c97164
_d97164